000 00705nam a2200229 i 4500
001 141059
003 ES-MaACL
007 t|
008 070919s1985 sp ||||1| spa d
020 _a84-204-2218-5
080 _a84-311.1"19"
080 _a84(Yourcenar, M. D. 03=6)
100 1 _aYourcenar, Marguerite.
_9117708
245 1 3 _aEl denario del sueño /
_cMarguerite Yourcenar ; traducción de Emma Calatayud.
260 _a[Madrid] :
_bAlfaguara,
_c[1985]
300 _a180 p. ;
_c20 cm.
490 1 _aLiteratura Alfaguara ;
_v166
700 1 _aCalatayud, Emma.
_933533
830 0 _aLiteratura Alfaguara ;
_v166
_9178100
852 _aES-MaACL
_jL-8869
_bR.108907
999 _c141059
_d141059